| 000 | 00737nam a2200193 i 4500 | ||
|---|---|---|---|
| 001 | 27828 | ||
| 003 | ES-MaACL | ||
| 005 | 20260113174225.0 | ||
| 007 | t| | ||
| 008 | 030115s1946 sp ||||1| spa d | ||
| 100 | 1 |
_aAzcona y Díaz de Rada, José María. _924273 |
|
| 245 | 1 | 0 |
_aZumalacarregui _b: estudio crítico de las fuentes históricas de su tiempo / _cpor José María Azcona ; prólogo de Rodezno. |
| 260 |
_aMadrid : _bInstituto de Estudios Políticos, _c1946 ( _fJosé Ruiz Alonso) |
||
| 300 |
_a599 p. ; _c23 cm. |
||
| 600 | 1 | 4 |
_aZumalacárregui, Tomás de, _d1788-1835 _9118483 |
| 700 | 1 |
_aRodezno, Tomás Domínguez Arévalo, _cConde de _998133 |
|
| 852 |
_aES-MaACL _jD-5933 _bR.31192 |
||
| 999 |
_c27828 _d27828 |
||